000 00619 a2200181 4500
020 _a0155713507
020 _a9780155713505
090 _c2293
_d2293
100 1 _aWalgenbach, Paul Henry.
245 1 0 _aPrinciples of accounting /
_cPaul Henry Walgenbach.
250 _a3rd ed.
260 _a[S.l.] :
_bHarcourt Brace Jovanovich,
_c1984.
300 _a1065 p. ;
_c28 cm.
500 _aPaperback.
856 4 0 _3Amazon.com
_uhttp://www.amazon.com/exec/obidos/ASIN/0155713507/chopaconline-20
856 4 0 _3Amazon customer reviews
_uhttp://www.chopac.org/cgi-bin/tools/azrev.pl?q=0155713507
942 _aNBS
_cBK
_k657 WAL
999 _c344794
_d344794